Violencia criminal y seguridad ciudadana en Chile /
Sábháilte in:
| Príomhchruthaitheoir: | |
|---|---|
| Formáid: | Téacs |
| Sraith: | SERIE POLITICAS SOCIALES/CEPAL
|
| Ábhair: | |
| Clibeanna: |
Cuir clib leis
Níl clibeanna ann, Bí ar an gcéad duine le clib a chur leis an taifead seo!
|
MARC
| LEADER | 00000 a a2200000 04500 | ||
|---|---|---|---|
| 001 | 48042 | ||
| 003 | |||
| 040 | |||
| 090 | |a REV1291 (109) 2005 | ||
| 100 | |a Dammert, Lucía | ||
| 245 | |a Violencia criminal y seguridad ciudadana en Chile / |c Lucía Dammert | ||
| 440 | |a SERIE POLITICAS SOCIALES/CEPAL | ||
| 500 | |a Incluye 15 notas y referencias bibliográficas | ||
| 650 | |a REFORMA DE LA EDUCACION | ||
| 650 | |a ACCESO A LA EDUCACION | ||
| 650 | |a CALIDAD DE LA EDUCACION | ||
| 650 | |a EDUCACION PUBLICA | ||
| 650 | |a SINDICATOS | ||
| 650 | |a GOBIERNO | ||
| 650 | |a URUGUAY | ||
| 650 | |a FINANCIAMIENTO DE LA EDUCACION | ||
| 650 | |a ESTUDIANTES | ||
| 773 | |g número109, (2005), página52 | ||
| 999 | |c 33834 |d 33834 | ||
